La morale de Descartes / (Record no. 131192)

MARC details
000 -LEADER
campo de control de longitud fija 00709nam a2200217 i 4500
001 - NÚMERO DE CONTROL
campo de control 131192
003 - IDENTIFICADOR DE NÚMERO DE CONTROL
campo de control ES-MaACL
005 - FECHA Y HORA DE LA ÚLTIMA TRANSACCIÓN
campo de control 20250702020222.0
007 - CAMPO FIJO DE DESCRIPCIÓN FÍSICA--INFORMACIÓN GENERAL
campo de control de longitud fija t|
008 - DATOS DE LONGITUD FIJA--INFORMACIÓN GENERAL
campo de control de longitud fija 070214s1970 fr r ||||1| fre d
100 0# - ENTRADA PRINCIPAL--NOMBRE DE PERSONA
Nombre de persona Rodis-Lewis, Geneviève.
9 (RLIN) 98147
245 13 - MENCIÓN DEL TÍTULO
Título La morale de Descartes /
Mención de responsabilidad, etc. Geneviève Rodis-Lewis.
250 ## - MENCION DE EDICION
Mención de edición 3e éd. rev.
260 ## - PUBLICACIÓN, DISTRIBUCIÓN, ETC.
Lugar de publicación, distribución, etc. Paris :
Nombre del editor, distribuidor, etc. Presses Universitaires de France,
Fecha de publicación, distribución, etc. 1970.
300 ## - DESCRIPCIÓN FÍSICA
Extensión 136 p. ;
Dimensiones 18 cm.
490 1# - MENCIÓN DE SERIE
Mención de serie SUP. Initiation philosophique ;
Designación de volumen o secuencia 27
600 14 - PUNTO DE ACCESO ADICIONAL DE MATERIA--NOMBRE DE PERSONA
Nombre de persona Descartes, René,
Fechas asociadas al nombre 1846-1881-
Subdivisión general Crítica e interpretación
9 (RLIN) 43839
830 0# - PUNTO DE ACCESO ADICIONAL DE SERIE-TÍTULO UNIFORME
Título uniforme SUP. Initiation philosophique ;
Designación de volumen o secuencia 27
9 (RLIN) 182090
852 4# - LOCALIZACIÓN
Ubicación ES-MaACL
Número de control de estantería G-323
itemnumber R.113454
Holdings
Estatus retirado Estado de pérdida Estado de daño No para préstamo Biblioteca de origen Biblioteca actual Ubicación en estantería Fecha de adquisición Fuente de adquisición Total de préstamos Signatura topográfica completa Código de barras Visto por última vez Precio de reemplazo Tipo de ítem Koha
        Biblioteca del Ateneo de Madrid Biblioteca del Ateneo de Madrid Depósito 2 17/01/2008     G-323 1136583 23/02/2023 23/02/2023 Libro impreso